[Event "CZE-ch Betsys Online Blitz"]
[Site "Chess.com INT"]
[Date "2021.04.17"]
[Round "3"]
[White "Kokes, Bohuslav"]
[Black "Linhart, Jaroslav"]
[Result "1-0"]
[WhiteElo "2017"]
[BlackElo "1764"]
[PlyCount "23"]
[EventDate "2021.04.17"]
[EventType "swiss (blitz)"]
[EventRounds "13"]
[EventCountry "CZE"]
[SourceTitle "CBM 201 Extra"]
[Source "ChessBase"]
[SourceDate "2021.05.31"]
[SourceVersion "1"]
[SourceVersionDate "2021.05.31"]
[SourceQuality "1"]

1. e4 e5 2. f4 exf4 3. Nf3 g5 4. h4 g4 5. Ne5 Nf6 6. Bc4 d5 7. exd5 Bd6 8. d4 h5 9. Bxf4 Bf5 10. Nc3 a6 11. 0-0 0-0 12. Bg5 1-0

[Event "CZE-ch Betsys Online Blitz"]
[Site "Chess.com INT"]
[Date "2021.04.17"]
[Round "1"]
[White "Kokes, Bohuslav"]
[Black "Silhava, Jana"]
[Result "0-1"]
[WhiteElo "2017"]
[BlackElo "1892"]
[PlyCount "52"]
[EventDate "2021.04.17"]
[EventType "swiss (blitz)"]
[EventRounds "13"]
[EventCountry "CZE"]
[SourceTitle "CBM 201 Extra"]
[Source "ChessBase"]
[SourceDate "2021.05.31"]
[SourceVersion "1"]
[SourceVersionDate "2021.05.31"]
[SourceQuality "1"]

1. e4 e5 2. f4 d5 3. exd5 c6 4. d4 exd4 5. Nf3 Nf6 6. dxc6 Nxc6 7. Bc4 Bc5 8. 0-0 0-0 9. Kh1 Ng4 10. h3 Ne3 11. Bxe3 dxe3 12. Qe2 Qe7 13. Nc3 Nd4 14. Nxd4 Bxd4 15. Nd5 Qc5 16. c3 Bf6 17. Nxf6+ gxf6 18. Bb3 Re8 19. Rae1 Bd7 20. Qh5 Qxh5 21. Rf3 e2 22. Bc2 Kf8 23. Rd3 Bc6 24. Kh2 Rad8 25. Rg3 Rd1 26. Bxd1 exd1Q 0-1

[Event "CZE-ch Betsys Online Blitz"]
[Site "Chess.com INT"]
[Date "2021.04.17"]
[Round "4"]
[White "Neuman, Petr"]
[Black "Kokes, Bohuslav"]
[Result "1-0"]
[WhiteElo "2394"]
[BlackElo "2017"]
[PlyCount "71"]
[EventDate "2021.04.17"]
[EventType "swiss (blitz)"]
[EventRounds "13"]
[EventCountry "CZE"]
[SourceTitle "CBM 201 Extra"]
[Source "ChessBase"]
[SourceDate "2021.05.31"]
[SourceVersion "1"]
[SourceVersionDate "2021.05.31"]
[SourceQuality "1"]

1. e4 c5 2. Nc3 e6 3. g3 Nc6 4. Bg2 h5 5. h3 Nf6 6. d3 g6 7. Bg5 Be7 8. Qd2 Nd4 9. Nd1 d6 10. c3 Nc6 11. Ne2 Bd7 12. Be3 Qa5 13. f4 e5 14. 0-0 0-0-0 15. Nf2 Kb8 16. a3 Be6 17. b4 Qc7 18. d4 cxd4 19. cxd4 exd4 20. Nxd4 d5 21. e5 Ne4 22. Nxe4 dxe4 23. Nxe6 fxe6 24. Qa2 Nd4 25. Rac1 Qd7 26. Bxe4 Qb5 27. Rfe1 Rhf8 28. a4 Qa6 29. b5 Qa5 30. Red1 Nf5 31. Bf2 Rxd1+ 32. Rxd1 Rd8 33. Rxd8+ Bxd8 34. Qxe6 Qxa4 35. Qd7 Qd1+ 36. Qxd1 1-0

[Event "Pardubice Czech op-E 30th"]
[Site "Pardubice"]
[Date "2019.07.12"]
[Round "2.2"]
[White "Potapov, Alexander1111"]
[Black "Kokes, Bohuslav"]
[Result "1-0"]
[WhiteElo "2409"]
[BlackElo "1987"]
[PlyCount "49"]
[EventDate "2019.07.11"]
[EventType "team-swiss"]
[EventRounds "7"]
[EventCountry "CZE"]
[SourceTitle "EXT 2020"]
[Source "ChessBase"]
[SourceDate "2019.10.17"]
[SourceVersion "1"]
[SourceVersionDate "2019.10.17"]
[SourceQuality "1"]
[WhiteTeam "Yamal"]
[BlackTeam "Chrudim"]
[WhiteTeamCountry "RUS"]
[BlackTeamCountry "CZE"]

1. e4 c5 2. Nc3 e6 3. Nf3 Nc6 4. d4 cxd4 5. Nxd4 Qc7 6. g3 a6 7. Bg2 Nf6 8. 0-0 h5 9. h3 b5 10. e5 Ng8 11. Nxc6 dxc6 12. a4 Bb7 13. axb5 cxb5 14. Nxb5 axb5 15. Rxa8+ Bxa8 16. Bxa8 Bc5 17. Qe2 Qb6 18. c3 b4 19. cxb4 Qxb4 20. Qa6 Qb6 21. Qc8+ Ke7 22. b4 Bd4 23. Bc6 Bxe5 24. Bg5+ Bf6 25. Qd7+ 1-0

[Event "CZE-chT2D 1819"]
[Site "Czech Republic"]
[Date "2019.02.24"]
[Round "9.6"]
[White "Vavra, Radim"]
[Black "Kokes, Bohuslav"]
[Result "1/2-1/2"]
[WhiteElo "2026"]
[BlackElo "1995"]
[PlyCount "21"]
[EventDate "2018.10.14"]
[EventType "team-tourn"]
[EventRounds "11"]
[EventCountry "CZE"]
[SourceTitle "EXT 2022"]
[Source "ChessBase"]
[SourceDate "2021.10.06"]
[SourceVersion "1"]
[SourceVersionDate "2021.10.06"]
[SourceQuality "1"]
[WhiteTeam "Pardubice Rapid"]
[BlackTeam "Chrudim"]
[WhiteTeamCountry "CZE"]
[BlackTeamCountry "CZE"]

1. e4 c5 2. Nf3 e6 3. d3 Nc6 4. g3 Nge7 5. Bg2 d5 6. Nbd2 g6 7. 0-0 Bg7 8. c3 0-0 9. Re1 b5 10. exd5 Nxd5 11. Nb3 1/2-1/2

[Event "CZE-chT2D 1819"]
[Site "Czech Republic"]
[Date "2019.01.13"]
[Round "6.6"]
[White "Kokes, Bohuslav"]
[Black "Tikovsky, Alexander"]
[Result "0-1"]
[WhiteElo "1995"]
[BlackElo "2180"]
[PlyCount "116"]
[EventDate "2018.10.14"]
[EventType "team-tourn"]
[EventRounds "11"]
[EventCountry "CZE"]
[SourceTitle "EXT 2022"]
[Source "ChessBase"]
[SourceDate "2021.10.06"]
[SourceVersion "1"]
[SourceVersionDate "2021.10.06"]
[SourceQuality "1"]
[WhiteTeam "Chrudim"]
[BlackTeam "Brno Moravska Slavia II"]
[WhiteTeamCountry "CZE"]
[BlackTeamCountry "CZE"]

1. e4 g6 2. d4 Bg7 3. Nc3 d6 4. Be3 a6 5. Qd2 Nd7 6. 0-0-0 b5 7. f3 Nb6 8. a3 c6 9. g4 h6 10. h4 h5 11. Qg2 a5 12. Nh3 b4 13. Nb1 hxg4 14. fxg4 Rxh4 15. Be2 Nf6 16. e5 Nfd5 17. Bd2 Be6 18. Qf2 Rxh3 19. Rxh3 dxe5 20. dxe5 Qc7 21. Bh6 Bxe5 22. Nd2 bxa3 23. Rxa3 Rb8 24. Nb3 a4 25. Nd4 Bd7 26. Rf1 f6 27. c4 Nb4 28. Be3 Qb7 29. Qh4 Kd8 30. Rd1 Kc7 31. Qh7 N6d5 32. cxd5 Nxd5 33. Rd2 Nxe3 34. Nb5+ cxb5 35. Rxe3 Rc8 36. Bf3 Kb8+ 37. Kb1 Bc6 38. Bxc6 Qxc6 39. Ree2 a3 40. Qxe7 axb2 41. Rxb2 Bxb2 42. Rxb2 Re8 43. Qb4 Re5 44. Rc2 Qe6 45. Kb2 Rd5 46. Qf8+ Kb7 47. Qg7+ Rd7 48. Qxg6 Qe5+ 49. Kb3 Qd5+ 50. Kb4 Qd4+ 51. Kb3 Qa4+ 52. Kb2 Qb4+ 53. Ka2 Qa4+ 54. Kb2 Qd4+ 55. Ka2 Kb6 56. Kb1 Qb4+ 57. Kc1 Qa3+ 58. Rb2 Qc3+ 0-1

[Event "Chrudim op"]
[Site "Chrudim"]
[Date "2003.07.11"]
[Round "7"]
[White "Hajek, Lukas"]
[Black "Kokes, Bohuslav"]
[Result "1-0"]
[WhiteElo "2046"]
[BlackElo "2083"]
[PlyCount "45"]
[EventDate "2003.07.??"]
[EventType "swiss"]
[EventRounds "9"]
[EventCountry "CZE"]
[SourceTitle "EXT 2006"]
[Source "ChessBase"]
[SourceDate "2005.11.24"]
[SourceVersion "1"]
[SourceVersionDate "2005.11.24"]
[SourceQuality "1"]

1. d4 d5 2. Nf3 Bg4 3. Ne5 Bh5 4. c4 f6 5. g4 fxe5 6. gxh5 dxc4 7. Qa4+ c6 8. dxe5 Qd5 9. Rg1 Qxe5 10. Qxc4 Qxh5 11. Qe6 Nd7 12. Bf4 Ngf6 13. Nc3 Qf7 14. Qe3 Nd5 15. Nxd5 Qxd5 16. Rg5 Qf7 17. Bh3 Nb6 18. Be6 Qf6 19. Rf5 Qxb2 20. Bf7+ Kd8 21. Rd1+ Nd5 22. Rfxd5+ cxd5 23. Rxd5+ 1-0

[Event "CZE-chTV 0102"]
[Site "Czech Republic"]
[Date "2002.??.??"]
[Round "4"]
[White "Kokes, Bohuslav"]
[Black "Jacek, Miloslav"]
[Result "1/2-1/2"]
[WhiteElo "2021"]
[BlackElo "2153"]
[PlyCount "22"]
[EventDate "2001.??.??"]
[EventType "team"]
[EventRounds "11"]
[EventCountry "CZE"]
[SourceTitle "EXT 2003"]
[Source "ChessBase"]
[SourceDate "2002.11.25"]
[SourceVersion "1"]
[SourceVersionDate "2002.11.25"]
[SourceQuality "1"]
[WhiteTeam "Chrudim II"]
[BlackTeam "Mlada Boleslav"]
[WhiteTeamCountry "CZE"]
[BlackTeamCountry "CZE"]

1. e4 d5 2. exd5 Nf6 3. c4 e6 4. d4 exd5 5. Nf3 Bb4+ 6. Bd2 Bxd2+ 7. Nbxd2 0-0 8. Be2 dxc4 9. Nxc4 Be6 10. 0-0 Nbd7 11. Qc2 Nb6 1/2-1/2

[Event "CZE-chTV 0102"]
[Site "Czech Republic"]
[Date "2002.??.??"]
[Round "4"]
[White "Vanek, Petr"]
[Black "Kokes, Bohuslav"]
[Result "1/2-1/2"]
[WhiteElo "2201"]
[BlackElo "2021"]
[PlyCount "32"]
[EventDate "2001.??.??"]
[EventType "team"]
[EventRounds "11"]
[EventCountry "CZE"]
[SourceTitle "EXT 2003"]
[Source "ChessBase"]
[SourceDate "2002.11.25"]
[SourceVersion "1"]
[SourceVersionDate "2002.11.25"]
[SourceQuality "1"]
[WhiteTeam "Vysehrad III"]
[BlackTeam "Chrudim II"]
[WhiteTeamCountry "CZE"]
[BlackTeamCountry "CZE"]

1. e4 e5 2. Nc3 d6 3. Bc4 Nf6 4. d3 Be6 5. Bxe6 fxe6 6. Nf3 Nc6 7. d4 exd4 8. Nxd4 Qd7 9. Be3 Be7 10. Qe2 Nxd4 11. Bxd4 Qc6 12. f4 0-0 13. 0-0 e5 14. Bf2 exf4 15. Bd4 Rae8 16. Rxf4 d5 1/2-1/2

[Event "CZE-chTV 0102"]
[Site "Czech Republic"]
[Date "2001.??.??"]
[Round "2"]
[White "Kokes, Bohuslav"]
[Black "Nemec, Pavel"]
[Result "1/2-1/2"]
[WhiteElo "2021"]
[BlackElo "2351"]
[PlyCount "88"]
[EventDate "2001.??.??"]
[EventType "team"]
[EventRounds "11"]
[EventCountry "CZE"]
[SourceTitle "EXT 2003"]
[Source "ChessBase"]
[SourceDate "2002.11.25"]
[SourceVersion "1"]
[SourceVersionDate "2002.11.25"]
[SourceQuality "1"]
[WhiteTeam "Chrudim II"]
[BlackTeam "Chrudim"]
[WhiteTeamCountry "CZE"]
[BlackTeamCountry "CZE"]

1. e4 d6 2. d4 g6 3. Nf3 Bg7 4. Nc3 Nf6 5. Be2 0-0 6. 0-0 Bg4 7. Be3 Nfd7 8. h3 Bxf3 9. Bxf3 Nc6 10. g3 Nb6 11. Ne2 d5 12. b3 Qd7 13. Bg4 f5 14. exf5 gxf5 15. Bf3 e5 16. dxe5 Nxe5 17. Bg2 Rad8 18. Bd4 Ng6 19. Bxg7 Qxg7 20. Qd4 f4 21. Qxg7+ Kxg7 22. Nd4 Rde8 23. Rfe1 Ne5 24. a4 c6 25. a5 Nbd7 26. a6 b6 27. c4 dxc4 28. bxc4 f3 29. Bf1 Nb8 30. Ra3 c5 31. Nb5 Nbc6 32. Rae3 Kf6 33. Nc7 Rd8 34. Nd5+ Ke6 35. Nf4+ Kd6 36. h4 Rde8 37. Bh3 Re7 38. Nd5 Rg7 39. Rd1 Nd4 40. Nc3 Nxc4 41. Nb5+ Kc6 42. Nxd4+ cxd4 43. Re4 b5 44. Rdxd4 Rf6 1/2-1/2